Propuesta de un manual de procedimientos para el proceso productivo de Impresiones y Troqueles S.A
El presente trabajo se realizó en la empresa Impresiones y Troqueles, S.A, dedicada a la elaboración de todo tipo de impresos y troqueles, este trabajo consiste en la propuesta del Manual de Procedimientos e Instrucciones de trabajo para el proceso productivo de esta empresa. Primeramente, se real...
| Main Authors: | , |
|---|---|
| Other Authors: | |
| Format: | Tesis Section = Libro |
| Language: | Undetermined Spanish |
| Published: |
Managua
UNI
2009
|
| Subjects: |
| LEADER | 01916nam a2200253Ia 4500 | ||
|---|---|---|---|
| 008 | 240830s9999 xx 000 0 und d | ||
| 040 | |a BIBLIOTECA-RUPAP Mon 658.51 S171 | ||
| 041 | |a spa | ||
| 082 | |a Mon 658.51 S171 | ||
| 100 | 1 | |a Salmerón Rodríguez, Sinar Antonio | |
| 100 | 1 | |b Segura Guevara, Gema Azucena | |
| 245 | 1 | 0 | |a Propuesta de un manual de procedimientos para el proceso productivo de Impresiones y Troqueles S.A |
| 260 | |a Managua |b UNI |c 2009 | ||
| 300 | |a 358 p. :il. | ||
| 500 | |a Contiene: anexos e Incluye: CD. | ||
| 502 | |a Tesis (Ingeniero Industrial)- UNI, 2009. | ||
| 520 | 3 | |a El presente trabajo se realizó en la empresa Impresiones y Troqueles, S.A, dedicada a la elaboración de todo tipo de impresos y troqueles, este trabajo consiste en la propuesta del Manual de Procedimientos e Instrucciones de trabajo para el proceso productivo de esta empresa. Primeramente, se realizó un diagnóstico compuesto por un autodiagnóstico basado en los principios del SGC para conocer la forma en que la empresa está siendo gestionada, este fue realizado en conjunto con la gerencia y el jefe de producción. Entre los resultados que se obtuvieron en este estudio están: que la empresa no posee un método de control de documentos y un método que de evidencia de la realización de actividades, no relaciona los defectos en sus productos ni los tiempos de entrega contra los de sus competidores, las acciones que se toman frecuentemente son correctivas, no hay una planificación por parte del equipo directivo, actúan de acuerdo a las actividades que se presentan día a día, etc. | |
| 650 | 7 | |a MANUALES ADMINISTRATIVOS - PROCEDIMIENTOS | |
| 650 | 7 | |b NORMAS DE PROCEDIMIENTOS - CONTROL DE LOS PROCESOS | |
| 650 | 7 | |c INSTRUCCIONES DE TRABAJO - CONTROL DE CALIDAD. | |
| 700 | 1 | |a Tutor: |b Gutiérrez Martínez, Marbel Evaristo | |
| 942 | |c BK |2 ddc | ||
| 991 | |a TESIS | ||
| 999 | |c 17477 | ||